000 00318nam a2200121Ia 4500
008 240731s9999 xx 000 0 und d
022 _a1540-8604
245 0 _aJournal of Organizational Behavior Management
260 _bRoutledge
856 _uhttps://www.tandfonline.com/loi/worg20
942 _2ddc
942 _cTFEJ
999 _c78030
_d78030
945 _a1
_bMadushi Gamage
_c1
_dMadushi Gamage